000 02075aam a2200337 i 4500
001 768714001
003 CO-MdFUSB
005 20231101114146.0
007 ta
008 230927t19911991gt ||||g |||| 00| 0 spa d
040 _aCO-MdFUSB
_bspa
_cCO-MdFUSB
_dCO-MdFUSBC
_erda
041 _aspa
082 _223
_a236.2
_bC277
100 _aCaringola, Robert,
_eautor
245 1 7 _aLas setenta semanas
_b : la alternativa histórica
_c/ Robert Caringola ; traducido por Carlos E. Velásquez
250 _aPrimera edición
264 1 _aGuatemala :
_bGamma,
_c[1991]
264 4 _c©1991
300 _a171 páginas
_c; 22 cm.
336 _2rdacontent
_atexto
_btxt
337 _2rdamedia
_asin mediación
_bn
338 _2rdacarrier
_avolumen
_bnc
504 _aIncluye índice
505 _aPreparando el escenario -- Investigación del origen de la infusión del error -- Historicismo -- La interpretación correcta -- ¿El rapto antes de la tribulación? -- Y un Reino.
520 _aSetenta semanas. "la profecía bíblica es Dios mostrándonos la historia (su historia) con anticipación. Una medida Divina de tiempo es una profecía confinada a un periodo especifico de tiempo. Durante este periodo, los eventos profetizados deben de suceder exactamente como fueron predichos". Esta es la historia de la única medida Divina de tiempo registrada en las sagradas escrituras. Las setenta semanas de Daniel. La verdad de su interpretación comienza con una travesía de regreso a la reforma. Fue durante este periodo de la historia de la iglesia que, el cumplimiento comúnmente aceptado de esta profecía fue hermenéuticamente atacado y distorsionado. Los confusos resultados de este asalto teológico están con nosotros hasta la fecha. Se manifiestan en la enseñanza de que un periodo de siete años de tribulación está aún por venir. Esta doctrina nació en la Europea Contra-Reformista durante el siglo 16.
563 _aRústico
650 7 _9213
_aEscatología
700 _96122
_aVelásquez, Carlos E.
_etraductor
942 _cBK
945 _asor1564
999 _c69067
_d69067